| 000 | 01444cam a2200289 a 4500 | ||
|---|---|---|---|
| 007 | ta | ||
| 008 | 161108s20002003ck a jr 000 fdspa d | ||
| 020 | _a9580456437 | ||
| 035 | _aAGY2375 LA | ||
| 040 |
_aCO-BoUCM _bspa _cSandra Palacio _dCO-JMCR |
||
| 041 | 0 | _aspa | |
| 082 | 4 |
_aN _bROSc _220 |
|
| 100 | 1 |
_aRosero Diago, Evelio José, _eautor _978394 |
|
| 245 | 1 | 0 |
_aCuchilla / _cEvelio Jos Rosero ; ilustraciones de Diana Castellanos |
| 260 |
_aBogotá : _bNorma, _c2000 |
||
| 300 |
_a147 páginas : _bilustraciones a blanco y negro ; _c19 cm. |
||
| 500 | _a"Novela en 7 asaltos" | ||
| 505 | _aPrimer asalto -- Segundo asalto -- Tercer asalto -- Cuarto asalto -- Quinto asalto -- Sexto asalto -- Asalto final | ||
| 520 | _aGillermo Lafuente es un profesor de historia de Colombia, su alias: Cuchilla el más temido profesor de bachillerato. Su vida cambia a partir de los mensajes secretos que recibe cada mañana en su mesa. El colegio, el barrio, la familia, sustentan esta novela plena de humor - y amor, el amor cuando ocurre por primera vez a las puertas de la adolescencia. | ||
| 521 |
_aA partir de los 9 años _bTapa posterior |
||
| 650 | 1 | 7 | _912285 |
| 650 | 2 | 7 |
_vCuentos infantiles _918861 |
| 650 | 2 | 7 |
_vCuentos infantiles _914818 |
| 700 | 1 |
_aCastellanos, Diana, _981648 |
|
| 942 |
_a18 _e1 _hN / _mROSc _n0 |
||
| 999 |
_c6439 _d6439 |
||